000 00772nam a2200229Ii 4500
003 JO-AjNU
008 230605s9999||||xx |||||||||||||| ||und||
017 _a2009/6/1947
020 _a9957-16-529-1
040 _aJO-AjNU
_bara
_erda
_cJO-AjNU
041 _aara
050 1 4 _aBF637.C6.A9382.2010
100 3 _aالعزة،سعيد حسني,
_eauthor
_929022
245 0 0 _aالإرشاد الجماعي العلاجي
250 _aط2
264 3 1 _aعمان:دار الثقافة للنشر والتوزيع ،2010
300 _a223ص
336 _atext
_btxt
_2rdacontent
337 _aunmediated
_bn
_2rdamedia
338 _avolume
_bnc
_2rdacarrier
650 4 _aالارشاد الجماعي-الخدمات الاجتماعية-العلاج النفسي
_929023
999 _aA11330
_c14898
_d14898